000 00221nam a2200085 4500
245 _aActions and reactions
_cby Rudyard Kipling
100 _aKipling, Rudyard
260 _aLondon
_bMacmillan
_c303p.; 22cm.
082 _a823.912
_bKIP
999 _c1074
_d1074